MLB 2021 Stat Leaders By Team - Statistics

General Stats
  • This quiz has been taken 225 times
    180 since last reset
  • The average score is 180 of 390
Answer Stats
Team Stat Player % Correct
Diamondbacks Average (.318) Ketel Marte
85%
Diamondbacks OPS (.909) Ketel Marte
85%
Athletics SBs (25) Starling Marte
82%
Braves OPS (.990) Ronald Acuña Jr.
77%
Braves Hits (180) Freddie Freeman
75%
Braves BBs (85) Freddie Freeman
75%
Yankees Average (.287) Aaron Judge
73%
Yankees Batter Ks (158) Aaron Judge
73%
Yankees RBI (98) Aaron Judge
73%
Yankees HRs (39) Aaron Judge
73%
Yankees OPS (.916) Aaron Judge
73%
Yankees BBs (75) Aaron Judge
73%
Angels Batter Ks (189) Shohei Ohtani
73%
Angels RBI (100) Shohei Ohtani
73%
Angels HRs (46) Shohei Ohtani
73%
Angels OPS (.965) Shohei Ohtani
73%
Angels BBs (96) Shohei Ohtani
73%
Angels SBs (26) Shohei Ohtani
73%
Angels Wins (SP) (9) Shohei Ohtani
73%
Angels ERA (SP) (3.18) Shohei Ohtani
73%
Angels WHIP (SP) (1.090) Shohei Ohtani
73%
Angels Pitcher Ks (156) Shohei Ohtani
73%
Braves Wins (SP) (14) Max Fried/Charlie Morton
71%
Braves Average (.303) Austin Riley
70%
Braves Batter Ks (168) Austin Riley
70%
Braves RBI (107) Austin Riley
70%
Braves HRs (33) Austin Riley
70%
Brewers BBs (70) Christian Yelich
69%
Brewers Wins (SP) (11) Corbin Burnes
68%
Brewers ERA (SP) (2.43) Corbin Burnes
68%
Brewers WHIP (SP) (0.940) Corbin Burnes
68%
Brewers Pitcher Ks (234) Corbin Burnes
68%
Red Sox BBs (62) Xander Bogaerts/Rafael Devers
68%
Phillies Average (.309) Bryce Harper
67%
Phillies Hits (151) Bryce Harper
67%
Phillies Batter Ks (134) Bryce Harper
67%
Phillies RBI (84) Bryce Harper
67%
Phillies HRs (35) Bryce Harper
67%
Phillies OPS (1.044) Bryce Harper
67%
Phillies BBs (100) Bryce Harper
67%
Phillies SBs (13) Bryce Harper/J.T. Realmuto
67%
Yankees Wins (SP) (16) Gerrit Cole
67%
Yankees WHIP (SP) (1.059) Gerrit Cole
67%
Yankees Pitcher Ks (243) Gerrit Cole
67%
Braves ERA (SP) (3.04) Max Fried
67%
Pirates Wins (SP) (5) JT Brubaker/Tyler Anderson/Mitch Keller/Chad Kuhl
66%
Braves SBs (20) Ozzie Albies
66%
Red Sox Hits (165) Rafael Devers
66%
Red Sox RBI (113) Rafael Devers
66%
Red Sox HRs (38) Rafael Devers
66%
Red Sox OPS (.890) Rafael Devers
66%
White Sox Hits (163) Tim Anderson
65%
White Sox SBs (18) Tim Anderson
65%
Pirates ERA (SP) (4.35) Tyler Anderson
65%
Pirates WHIP (SP) (1.200) Tyler Anderson
65%
Orioles Average (.291) Cedric Mullins
64%
Orioles Hits (175) Cedric Mullins
64%
Orioles OPS (.878) Cedric Mullins
64%
Orioles BBs (59) Cedric Mullins
64%
Orioles SBs (30) Cedric Mullins
64%
Indians RBI (103) Jose Ramirez
63%
Indians HRs (36) Jose Ramirez
63%
Indians OPS (.893) Jose Ramirez
63%
Indians BBs (72) Jose Ramirez
63%
Indians SBs (27) Jose Ramirez
63%
Diamondbacks Wins (SP) (7) Madison Bumgarner/Merrill Kelly
63%
Royals Batter Ks (170) Salvador Perez
63%
Royals RBI (121) Salvador Perez
63%
Royals HRs (48) Salvador Perez
63%
Royals OPS (.859) Salvador Perez
63%
Red Sox Average (.295) Xander Bogaerts
63%
Tigers Saves (18) Gregory Soto
62%
Mets ERA (SP) (1.08) Jacob deGrom
62%
Mets WHIP (SP) (0.554) Jacob deGrom
62%
Reds HRs (36) Joey Votto
62%
Reds BBs (77) Joey Votto
62%
Nationals Hits (157) Juan Soto
62%
Nationals RBI (95) Juan Soto
62%
Nationals HRs (29) Juan Soto
62%
Nationals OPS (.999) Juan Soto
62%
Nationals BBs (145) Juan Soto
62%
Dodgers Hits (148) Justin Turner
62%
Nationals Average (.322) Trea Turner
62%
Nationals SBs (21) Trea Turner
62%
Diamondbacks Hits (133) Pavin Smith
61%
Mets Hits (147) Pete Alonso
61%
Mets RBI (94) Pete Alonso
61%
Mets HRs (37) Pete Alonso
61%
Mets OPS (.863) Pete Alonso
61%
Mets BBs (60) Pete Alonso
61%
Braves Saves (37) Will Smith
61%
White Sox RBI (117) José Abreu
60%
White Sox HRs (30) José Abreu
60%
Athletics Hits (153) Matt Olson
60%
Athletics RBI (111) Matt Olson
60%
Athletics HRs (39) Matt Olson
60%
Athletics OPS (.911) Matt Olson
60%
Athletics BBs (88) Matt Olson
60%
Cardinals HRs (34) Nolan Arenado/Tyler O'Neill
60%
Cardinals Average (.294) Paul Goldschmidt
60%
Cardinals Hits (177) Paul Goldschmidt
60%
Cardinals BBs (67) Paul Goldschmidt
60%
Astros Batter Ks (145) Yordan Álvarez
60%
Astros RBI (104) Yordan Álvarez
60%
Astros HRs (33) Yordan Álvarez
60%
Yankees Saves (30) Aroldis Chapman
59%
Padres Average (.282) Fernando Tatis Jr.
59%
Padres Batter Ks (153) Fernando Tatis Jr.
59%
Padres HRs (42) Fernando Tatis Jr.
59%
Padres OPS (.975) Fernando Tatis Jr.
59%
Padres SBs (25) Fernando Tatis Jr.
59%
Nationals Batter Ks (101) Josh Bell
59%
Dodgers Saves (38) Kenley Jansen
59%
Athletics Batter Ks (202) Matt Chapman
59%
Cardinals RBI (105) Nolan Arenado
59%
Astros BBs (75) Carlos Correa
58%
Braves WHIP (1.045) Charlie Morton
58%
Braves Pitcher Ks (216) Charlie Morton
58%
Dodgers Average (.306) Corey Seager
58%
Dodgers OPS (.915) Corey Seager
58%
Cubs SBs (13) Javier Baez
58%
Brewers Saves (34) Josh Hader
58%
Mariners RBI (101) Kyle Seager
58%
Mariners BBs (59) Kyle Seager
58%
Dodgers ERA (SP) (1.98) Max Scherzer
58%
Dodgers WHIP (SP) (0.820) Max Scherzer
58%
Nationals ERA (SP) (2.76) Max Scherzer
58%
Nationals WHIP (SP) (0.892) Max Scherzer
58%
Nationals Pitcher Ks (147) Max Scherzer
58%
Phillies Wins (SP) (14) Zack Wheeler
58%
Phillies Pitcher Ks (247) Zack Wheeler
58%
Cubs Average (.267) Kris Bryant
57%
Cubs OPS (.861) Kris Bryant
57%
Rockies RBI (92) C.J. Cron
56%
Rockies HRs (28) C.J. Cron
56%
Rockies OPS (.905) C.J. Cron
56%
Rockies BBs (60) C.J. Cron
56%
Dodgers RBI (94) Max Muncy
56%
Dodgers HRs (36) Max Muncy
56%
Dodgers BBs (83) Max Muncy
56%
Orioles Batter Ks (161) Ryan Mountcastle
56%
Orioles RBI (89) Ryan Mountcastle
56%
Orioles HRs (33) Ryan Mountcastle
56%
Blue Jays Average (.311) Vladimir Guerrero Jr.
56%
Blue Jays HRs (48) Vladimir Guerrero Jr.
56%
Blue Jays OPS (1.002) Vladimir Guerrero Jr.
56%
Blue Jays BBs (86) Vladimir Guerrero Jr.
56%
White Sox Wins (SP) (13) Carlos Rodon/Dylan Cease
55%
Dodgers Wins (SP) (20) Julio Urias
55%
Blue Jays Batter Ks (148) Teoscar Hernandez
55%
Blue Jays RBI (116) Teoscar Hernandez
55%
Cubs Wins (SP) (14) Kyle Hendricks
54%
Cubs Pitcher Ks (131) Kyle Hendricks
54%
White Sox Average (.338) Luis Robert
54%
White Sox OPS (.946) Luis Robert
54%
Brewers Hits (122) Luis Urias
54%
Rockies SBs (20) Trevor Story/Raimel Tapia
54%
Dodgers Pitcher Ks (212) Walker Buehler
54%
Rockies Hits (139) Charlie Blackmon
53%
Mets Saves (32) Edwin Diaz
53%
Rays BBs (69) Yandy Díaz
53%
Diamondbacks Pitcher Ks (139) Zac Gallen
53%
Rangers Batter Ks (194) Adolis García
52%
Rangers RBI (90) Adolis García
52%
Rangers HRs (31) Adolis García
52%
Brewers RBI (86) Avisail Garcia
52%
Brewers HRs (29) Avisail Garcia
52%
Giants BBs (56) Brandon Crawford/Buster Posey
52%
Marlins Saves (15) Dylan Floro/Yimi Garcia
52%
Orioles ERA (SP) (3.62) John Means
52%
Orioles WHIP (SP) (1.030) John Means
52%
Orioles Pitcher Ks (134) John Means
52%
Orioles Wins (SP) (6) John Means/Matt Harvey
52%
Padres Hits (157) Manny Machado
52%
Padres RBI (106) Manny Machado
52%
Brewers Average (.285) Willy Adames
52%
Brewers OPS (.886) Willy Adames
52%
Red Sox Pitcher Ks (195) Nathan Eovaldi
51%
Blue Jays Hits (191) Bo Bichette
50%
Blue Jays SBs (25) Bo Bichette
50%
Giants Hits (144) Brandon Crawford
50%
Giants RBI (90) Brandon Crawford
50%
White Sox ERA (SP) (2.37) Carlos Rodon
50%
White Sox WHIP (SP) (0.957) Carlos Rodon
50%
Mariners Hits (169) J.P. Crawford
50%
Twins Average (.294) Luis Arraez/Nelson Cruz
50%
White Sox Pitcher Ks (226) Dylan Cease
49%
Astros OPS (.917) Kyle Tucker
49%
Marlins Wins (SP) (9) Sandy Alcantara
49%
Marlins WHIP (SP) (1.075) Sandy Alcantara
49%
Marlins Pitcher Ks (201) Sandy Alcantara
49%
Cardinals Wins (SP) (17) Adam Wainwright
48%
Cardinals ERA (SP) (3.05) Adam Wainwright
48%
Cardinals WHIP (SP) (1.057) Adam Wainwright
48%
Cardinals Pitcher Ks (174) Adam Wainwright
48%
Pirates Hits (169) Bryan Reynolds
48%
Pirates Batter Ks (119) Bryan Reynolds
48%
Pirates RBI (90) Bryan Reynolds
48%
Pirates HRs (24) Bryan Reynolds
48%
Pirates OPS (.912) Bryan Reynolds
48%
Pirates BBs (75) Bryan Reynolds
48%
Red Sox Wins (SP) (13) Eduardo Rodriguez
48%
Reds Batter Ks (171) Eugenio Suarez
48%
Phillies ERA (SP) (1.36) Ranger Suarez
48%
Phillies WHIP (SP) (1.000) Ranger Suarez
48%
Pirates Saves (14) Richard Rodriguez
48%
Rockies Wins (SP) (12) German Marquez
47%
Rockies Pitcher Ks (176) German Marquez
47%
Marlins HRs (22) Jesus Aguilar/Adam Duvall
47%
Padres Wins (SP) (11) Joe Musgrove
47%
Padres ERA (SP) (3.18) Joe Musgrove
47%
Padres WHIP (SP) (1.081) Joe Musgrove
47%
Padres Pitcher Ks (203) Joe Musgrove
47%
Diamondbacks WHIP (SP) (1.182) Madison Bumgarner
47%
Orioles Saves (8) Cole Sulser/Cesar Valdez
46%
Astros ERA (SP) (3.14) Framber Valdez
46%
Twins OPS (.907) Nelson Cruz
46%
Reds Average (.309) Nick Castellanos
46%
Reds Hits (164) Nick Castellanos
46%
Reds RBI (100) Nick Castellanos
46%
Angels Saves (34) Raisel Iglesias
46%
Blue Jays ERA (SP) (2.84) Robbie Ray
46%
Blue Jays WHIP (SP) (1.045) Robbie Ray
46%
Blue Jays Pitcher Ks (248) Robbie Ray
46%
Astros Average (.319) Yuli Gurriel
46%
Astros Hits (169) Yuli Gurriel
46%
Cubs Saves (23) Craig Kimbrel
45%
Yankees Hits (160) DJ LeMahieu
45%
Rays Hits (145) Randy Arozarena
45%
Rays Batter Ks (170) Randy Arozarena
45%
Rays SBs (20) Randy Arozarena
45%
Royals Hits (184) Whit Merrifield
45%
Royals SBs (40) Whit Merrifield
45%
Giants Average (.304) Buster Posey
44%
Marlins Batter Ks (145) Jazz Chisholm
44%
Marlins SBs (23) Jazz Chisholm
44%
White Sox Saves (38) Liam Hendriks
44%
Rays Saves (14) Diego Castillo
43%
Giants Wins (SP) (14) Kevin Gausman
43%
Giants ERA (SP) (2.81) Kevin Gausman
43%
Giants WHIP (SP) (1.042) Kevin Gausman
43%
Giants Pitcher Ks (227) Kevin Gausman
43%
Indians Saves (24) Emmanuel Clase
42%
Reds WHIP (SP) (1.219) Sonny Gray
42%
Dodgers Batter Ks (167) Chris Taylor
41%
Dodgers SBs (13) Chris Taylor
41%
Reds SBs (12) Jonathan India
41%
Royals Average (.300) Nicky Lopez
41%
Cubs Hits (105) Ian Happ
40%
Cubs Batter Ks (156) Ian Happ
40%
Cubs RBI (66) Ian Happ
40%
Cubs BBs (62) Ian Happ
40%
Cubs HRs (28) Patrick Wisdom
40%
Cardinals Batter Ks (168) Tyler O'Neill
40%
Cardinals OPS (.912) Tyler O'Neill
40%
Angels Average (.277) Jared Walsh
39%
Reds OPS (.949) Jesse Winker
39%
Twins Batter Ks (183) Miguel Sano
39%
Rays HRs (39) Brandon Lowe
38%
Rays OPS (.863) Brandon Lowe
38%
Mets Average (.292) Brandon Nimmo
38%
Diamondbacks RBI (65) Eduardo Escobar
38%
Diamondbacks HRs (22) Eduardo Escobar
38%
Marlins RBI (93) Jesus Aguilar
38%
Marlins OPS (.788) Jesus Aguilar
38%
Marlins BBs (46) Jesus Aguilar
38%
Rangers OPS (.869) Joey Gallo
38%
Diamondbacks Batter Ks (137) Josh Rojas
38%
Diamondbacks BBs (58) Josh Rojas
38%
Diamondbacks SBs (9) Josh Rojas
38%
Marlins Average (.265) Miguel Rojas
38%
Marlins Hits (131) Miguel Rojas
38%
Rangers BBs (80) Nate Lowe
38%
Rays Average (.288) Wander Franco
38%
White Sox Batter Ks (157) Yoan Moncada
38%
Giants HRs (29) Brandon Belt
37%
Giants OPS (.975) Brandon Belt
37%
Pirates SBs (14) Gregory Polanco
37%
Twins Hits (158) Jorge Polanco
37%
Twins RBI (98) Jorge Polanco
37%
Twins HRs (33) Jorge Polanco
37%
Twins SBs (11) Jorge Polanco
37%
Marlins ERA (SP) (2.64) Trevor Rogers
37%
Astros Wins (SP) (13) Lance McCullers Jr.
36%
Astros Pitcher Ks (185) Lance McCullers Jr.
36%
Indians Average (.282) Amed Rosario
35%
Indians Hits (155) Amed Rosario
35%
Cardinals Saves (29) Alex Reyes
34%
Angels Hits (164) David Fletcher
34%
Indians Batter Ks (149) Franmil Reyes
34%
Mets Wins (SP) (10) Marcus Stroman
34%
Mets Pitcher Ks (158) Marcus Stroman
34%
Red Sox Saves (24) Matt Barnes
34%
Royals Wins (SP) (8) Mike Minor/Brad Keller
34%
Rockies Batter Ks (147) Ryan McMahon
34%
Astros Saves (26) Ryan Pressly
34%
Rays WHIP (SP) (0.932) Tyler Glasnow
34%
White Sox BBs (87) Yasmani Grandal
34%
Royals BBs (86) Carlos Santana
33%
Twins BBs (74) Josh Donaldson
33%
Pirates Average (.324) Adam Frazier
32%
Athletics ERA (SP) (3.15) Chris Bassitt
32%
Athletics WHIP (SP) (1.055) Chris Bassitt
32%
Cardinals SBs (30) Tommy Edman
32%
Tigers ERA (SP) (3.07) Wily Peralta
32%
Red Sox Batter Ks (156) Bobby Dalbec
31%
Athletics Wins (SP) (13) Frankie Montas
31%
Athletics Pitcher Ks (207) Frankie Montas
31%
Brewers SBs (13) Lorenzo Cain
31%
Yankees ERA (SP) (2.90) Nestor Cortes Jr.
31%
Nationals Wins (SP) (9) Patrick Corbin
31%
Twins ERA (SP) (3.48) Jose Berrios
30%
Twins WHIP (SP) (1.044) Jose Berrios
30%
Twins Pitcher Ks (126) Jose Berrios
30%
Rockies ERA (SP) (4.33) Kyle Freeland
30%
Tigers Hits (173) Jonathan Schoop
29%
Tigers RBI (84) Jonathan Schoop
29%
Mariners Batter Ks (169) Mitch Haniger
29%
Mariners HRs (39) Mitch Haniger
29%
Blue Jays Wins (SP) (14) Hyun-Jin Ryu/Steven Matz
28%
Tigers OPS (.795) Jeimer Candelario
28%
Pirates Pitcher Ks (129) JT Brubaker
28%
Padres Saves (39) Mark Melancon
28%
Tigers Wins (SP) (8) Tarik Skubal
28%
Tigers Pitcher Ks (164) Tarik Skubal
28%
Mariners Average (.291) Ty France
28%
Mariners OPS (.813) Ty France
28%
Blue Jays Saves (23) Jordan Romano
27%
Reds Wins (SP) (13) Tyler Mahle
27%
Reds Pitcher Ks (SP) (210) Tyler Mahle
27%
Mariners WHIP (SP) (1.165) Marco Gonzales
25%
Rays Pitcher Ks (141) Shane McClanahan
24%
Rays Wins (SP) (10) Shane McClanahan/Josh Fleming
24%
Athletics Average (.279) Tony Kemp
23%
Rays RBI (106) Austin Meadows
22%
Rockies Saves (20) Daniel Bard
22%
Brewers Batter Ks (132) Jackie Bradley Jr.
22%
Giants Batter Ks (131) Mike Yastrzemski
22%
Astros SBs (17) Myles Straw
22%
Tigers Batter Ks (155) Robbie Grossman
22%
Tigers HRs (23) Robbie Grossman
22%
Tigers BBs (98) Robbie Grossman
22%
Tigers SBs (20) Robbie Grossman
22%
Indians Pitcher Ks (136) Triston McKenzie
22%
Reds ERA (SP) (3.37) Wade Miley
22%
Mariners Pitcher Ks (163) Yusei Kikuchi
22%
Yankees SBs (17) Tyler Wade
21%
Royals ERA (SP) (2.51) Danny Duffy
20%
Royals WHIP (SP) (1.213) Danny Duffy
20%
Padres BBs (78) Tommy Pham
20%
Indians ERA (SP) (2.89) Cal Quantrill
19%
Tigers WHIP (SP) (1.137) Casey Mize
19%
Red Sox SBs (8) Christian Vazquez
19%
Rangers ERA (SP) (2.87) Kyle Gibson
19%
Rangers WHIP (SP) (1.177) Kyle Gibson
19%
Indians Wins (SP) (12) Aaron Civale
18%
Indians WHIP (SP) (1.118) Aaron Civale
18%
Rangers Average (.271) Isiah Kiner-Falefa
18%
Rangers Hits (172) Isiah Kiner-Falefa
18%
Rangers SBs (20) Isiah Kiner-Falefa
18%
Red Sox ERA (SP) (3.52) Tanner Houck
18%
Red Sox WHIP (SP) (1.130) Tanner Houck
18%
Tigers Average (.283) Harold Castro
17%
Royals Pitcher Ks (149) Mike Minor
17%
Phillies Saves (12) Hector Neris
15%
Astros WHIP (SP) (0.991) Jose Urquidy
15%
Cubs ERA (SP) (4.58) Adbert Alzolay
14%
Cubs WHIP (SP) (1.162) Adbert Alzolay
14%
Giants Saves (31) Jake McGee
14%
Mets Batter Ks (132) Jonathan Villar
14%
Mets SBs (14) Jonathan Villar
14%
Nationals Saves (21) Brad Hand
13%
Mariners SBs (21) Dylan Moore
13%
Rangers Saves (16) Ian Kennedy
13%
Athletics Saves (22) Lou Trivino
13%
Royals Saves (16) Scott Barlow
13%
Giants SBs (15) Austin Slater
12%
Mariners Wins (SP) (14) Chris Flexen
12%
Mariners ERA (SP) (3.61) Chris Flexen
12%
Rockies Average (.282) Yonathan Daza
11%
Rockies WHIP (SP) (1.240) Austin Gomber
10%
Diamondbacks ERA (SP) (4.25) Luke Weaver
10%
Rangers Wins (SP) (10) Jordan Lyles
9%
Rangers Pitcher Ks (146) Jordan Lyles
9%
Diamondbacks Saves (6) Joakim Soria/Tyler Clippard
8%
Twins Wins (SP) (9) Michael Pineda
8%
Twins Saves (17) Alex Colome
7%
Rays ERA (SP) (2.44) Drew Rasmussen
7%
Mariners Saves (14) Drew Steckenrider
6%
Reds Saves (8) Heath Hembree/Mychal Givens
5%
No matching quizzes found
Score Distribution
Percent of People with Each Score
Percentile by Number Answered
Your Score History
You have not taken this quiz since the last reset